00575nam a22001457a 4500020001800000082001500018100001800033245006000051260002700111300001700138650010400155942000700259999001700266952014600283 a9788126514663 a621.381MAI aAnil K. Maini aDigital Electronics: Principles and integrated circuits aNew DelhibWileyc2014 a584p.bill.; aDigital electronicsaElectronic circuitsaArithmetic circuitsaMicroprocessorsaConversion circuits cBK c13544d13544 001040708NFICaCLbCLcGENd2016-04-15eAllied Book Companyg716.58l1m1o621.381MAIpSEECS013427r2024-09-30s2021-10-27w2016-04-16yBK